Political Parties of Poland - Statistics

General Stats
  • This quiz has been taken 81 times
  • The average score is 8 of 21
Answer Stats
Hint Answer % Correct
Civic Coalition Modern
100%
Civic Coalition Civic Platform
88%
United Right Law and Justice
86%
Civic Coalition Polish Initiative
83%
Third Way Poland 2050
56%
Third Way Polish People's Party
54%
Confederation Liberty and Independence New Hope
39%
United Right Sovereign Poland
39%
Confederation Liberty and Independence Confederation of the Polish Crown
36%
Confederation Liberty and Independence National Movement
36%
The Left New Left
36%
Civic Coalition The Greens
34%
United Right Kukiz 15
25%
The Left Polish Socialist Party
20%
The Left Left Together
17%
Civic Coalition Agrounion
12%
The Left Labor Union
12%
Third Way Union of European Democrats
5%
Third Way Center for Poland
3%
Civic Coalition Yes! For Poland
2%
United Right Renewal of the Republic of Poland
0%
No matching quizzes found
Score Distribution
Percent of People with Each Score
Percentile by Number Answered
Your Score History
You have not taken this quiz